Paediatric Dentistry / (Record no. 33900)

MARC details
000 -LEADER
fixed length control field 00631nam a22002057a 4500
005 - DATE AND TIME OF LATEST TRANSACTION
control field 20241031161450.0
008 - FIXED-LENGTH DATA ELEMENTS--GENERAL INFORMATION
fixed length control field 231016b |||||||| |||| 00| 0 eng d
020 ## - INTERNATIONAL STANDARD BOOK NUMBER
ISBN 9780192506269
082 ## - DEWEY DECIMAL CLASSIFICATION NUMBER
Classification number 617.645
Item number PAE
245 ## - TITLE STATEMENT
Title Paediatric Dentistry /
Statement of responsibility, etc. [editor] Richard Welbury, Monty S. Duggal, and Marie Therese Hosey
250 ## - EDITION STATEMENT
Edition statement 5th ed.
260 ## - PUBLICATION, DISTRIBUTION, ETC.
Place of Publication India :
Name of publisher, distributor, etc. Oxford ;
Date of publication, distribution, etc. 2018 .
300 ## - PHYSICAL DESCRIPTION
Pages 389 p . :
500 ## - GENERAL NOTE
General note Printed in pakistan
650 ## - SUBJECT ADDED ENTRY--TOPICAL TERM
Subject / Department Dentistry/Medical
700 ## - ADDED ENTRY--PERSONAL NAME
Personal name Richard Welbury [editor]
700 ## - ADDED ENTRY--PERSONAL NAME
Personal name Monty S. Duggal [editor]
700 ## - ADDED ENTRY--PERSONAL NAME
Personal name Marie Therese Hosey [editor]
300 ## - PHYSICAL DESCRIPTION
-- ill ;
-- 28.5 cm.
952 ## - LOCATION AND ITEM INFORMATION (KOHA)
-- 0
-- 0
952 ## - LOCATION AND ITEM INFORMATION (KOHA)
-- 0
-- 0
952 ## - LOCATION AND ITEM INFORMATION (KOHA)
-- 0
-- 0
952 ## - LOCATION AND ITEM INFORMATION (KOHA)
-- 0
-- 0
952 ## - LOCATION AND ITEM INFORMATION (KOHA)
-- 0
-- 0
952 ## - LOCATION AND ITEM INFORMATION (KOHA)
-- 0
-- 0
952 ## - LOCATION AND ITEM INFORMATION (KOHA)
-- 0
-- 0
952 ## - LOCATION AND ITEM INFORMATION (KOHA)
-- 0
-- 0
Holdings
Lost status Damaged status Collection code Permanent Location Current Location Shelving Location Date acquired Full Call Number Accession No./Barcode Date last seen Copy number item type Koha item type
    Medical Superior Information Resource Center (SIRC) Superior University- Central Library Superior Information Resource Center (SIRC) Superior University- Central Library Dentistry 10/16/2023 617.645 WEL-P 2018 20810 10/16/2023 1    
    Medical Superior Information Resource Center (SIRC) Superior University- Central Library Superior Information Resource Center (SIRC) Superior University- Central Library Dentistry 10/16/2023 617.645 WEL-P 2018 20811 03/01/2024 2    
    Medical Superior Information Resource Center (SIRC) Superior University- Central Library Superior Information Resource Center (SIRC) Superior University- Central Library Dentistry 10/16/2023 617.645 WEL-P 2018 20812 05/06/2025 3 BOOK  
    Medical Superior Information Resource Center (SIRC) Superior University- Central Library Superior Information Resource Center (SIRC) Superior University- Central Library Dentistry 10/31/2024 617.645 WEL-P 2018 29666 10/31/2024 4 BOOK BOOK
    Medical Superior Information Resource Center (SIRC) Superior University- Central Library Superior Information Resource Center (SIRC) Superior University- Central Library Dentistry 10/31/2024 617.645 WEL-P 2018 29667 04/21/2025 5 BOOK BOOK
    Medical Superior Information Resource Center (SIRC) Superior University- Central Library Superior Information Resource Center (SIRC) Superior University- Central Library Dentistry 10/31/2024 617.645 WEL-P 2018 29668 09/02/2025 6 BOOK BOOK
    Medical Superior Information Resource Center (SIRC) Superior University- Central Library Superior Information Resource Center (SIRC) Superior University- Central Library Dentistry 12/02/2024 617.645 WEL-P 2018 29798 12/02/2024 7 BOOK BOOK
    Medical Superior Information Resource Center (SIRC) Superior University- Central Library Superior Information Resource Center (SIRC) Superior University- Central Library Dentistry 12/02/2024 617.645 WEL-P 2018 29799 12/02/2024 8 BOOK BOOK

Powered by Koha